000 01002nam a2200301 4500
003 EC-UNACH
005 20251216110807.0
006 s||||gr|||| 00| 00
008 150116t9999 mx r gr 000 0 spa d
020 _a978-9978-67-259-4
040 _aEC-UNACH
_cEC-UNACH
041 _aspa
082 0 4 _223
_a338
_bL018502
110 _aFlacso
245 _aEl dorado o la caja de pandora : matices para pensar la minería en Ecuador
250 _aPrimera edición
264 _aEcuador
_bFlacso
_c2010
300 _a145
505 _aPresentación -- Introducción -- Aspectos técnicos dela minería -- Minería y desarrollo -- Un balance para el Ecuador -- Algunas lecciones de otro país -- Conclusiones y recomendaciones.
650 _aMINAS
650 _aRECURSOS NATURALES
650 _aDESARROLLO
700 _aTeodoro Bustamante / Rommel Lara
942 _2ddc
_c1
999 _c14305